|
|
|
|
| LEADER |
01026ncm a22002532a 4500 |
| 001 |
001264019 |
| 003 |
CZ BrMZK |
| 005 |
20150526110641.0 |
| 007 |
qu |
| 008 |
980105s1949 xr f zxx d |
| 040 |
|
|
|a BOA001
|b cze
|
| 072 |
|
7 |
|a 787
|x Hudba pro strunné a smyčcové nástroje
|2 Konspekt
|9 9
|
| 100 |
1 |
|
|a Martinů, Bohuslav,
|d 1890-1959
|7 jk01080381
|4 cmp
|
| 245 |
1 |
0 |
|a Sonatina
|h [hudebnina] :
|b pro housle a klavír /
|c Bohuslav Martinů ; rev. Viktor Nopp
|
| 250 |
|
|
|a 2. vyd.
|
| 260 |
|
|
|a Praha :
|b Melantrich,
|c 1949
|
| 300 |
|
|
|a 1 partitura (15 s.) + 1 hlas (5 s.)
|
| 700 |
1 |
|
|a Nopp, Viktor,
|d 1893-1970
|7 jk01090251
|4 edt
|
| 910 |
|
|
|a BOA001
|b Mus4-0233.742
|
| 990 |
|
|
|a MU
|
| 991 |
|
|
|b 201211
|
| 996 |
7 |
|
|b 2619493183
|c Mus4-0233.742
|l MZK
|r Sklad / do 1 hodiny
|n 0
|w 001298040
|u 000010
|a 1
|e BOA001
|j MZK50
|s A
|
| 996 |
6 |
|
|b 2619493184
|c Mus4-0233.742
|l MZK
|r Sklad / do 1 hodiny
|n 0
|w 001298040
|u 000020
|a 1
|e BOA001
|j MZK50
|s P
|
| 996 |
7 |
|
|b 2619493185
|c Mus4-0233.742
|l MZK
|r Sklad / do 1 hodiny
|n 0
|w 001298040
|u 000030
|a 1
|e BOA001
|j MZK50
|s A
|